India's Greatest Short Stories (Record no. 11540)

MARC details
000 -LEADER
fixed length control field 00380nam a22001577a 4500
003 - CONTROL NUMBER IDENTIFIER
control field OSt
008 - FIXED-LENGTH DATA ELEMENTS--GENERAL INFORMATION
fixed length control field 220920b ||||| |||| 00| 0 eng d
020 ## - INTERNATIONAL STANDARD BOOK NUMBER
International Standard Book Number 9789381841136
082 ## - DEWEY DECIMAL CLASSIFICATION NUMBER
Classification number 808.831 PRI
100 ## - MAIN ENTRY--PERSONAL NAME
Personal name PREM CHAND,Munshi
245 ## - TITLE STATEMENT
Title India's Greatest Short Stories
260 ## - PUBLICATION, DISTRIBUTION, ETC. (IMPRINT)
Place of publication, distribution, etc New Delhi
Name of publisher, distributor, etc Grapavine India
300 ## - PHYSICAL DESCRIPTION
Extent 296
650 ## - SUBJECT ADDED ENTRY--TOPICAL TERM
Topical term or geographic name as entry element Applied Sc
942 ## - ADDED ENTRY ELEMENTS (KOHA)
Source of classification or shelving scheme Dewey Decimal Classification
Koha item type Text Books
942 ## - ADDED ENTRY ELEMENTS (KOHA)
-- 2
Holdings
Withdrawn status Lost status Source of classification or shelving scheme Damaged status Not for loan Collection code Home library Current library Date acquired Source of acquisition Currency Cost, normal purchase price Bill Number Total Checkouts Full call number Acc. no. / Barcode Date last seen Date last borrowed Actual Cost, discounted price Bill Date Koha item type Public note
    Dewey Decimal Classification     GENERAL PIET C-LIBRARY PIET C-LIBRARY 05/09/2022 Kirti Praskshan IN Rupees 199.00 IN926 7 808.831 PRI 34083 10/11/2025 28/10/2025 159.20 05/09/2022 Text Books Stories
    Dewey Decimal Classification     GENERAL PIET C-LIBRARY PIET C-LIBRARY 05/09/2022 Kirti Praskshan IN Rupees 199.00 IN926 3 808.831 PRI 34084 21/11/2023 09/11/2023 159.20 05/09/2022 Text Books Stories
    Dewey Decimal Classification     GENERAL PIET C-LIBRARY PIET C-LIBRARY 05/09/2022 Kirti Praskshan IN Rupees 199.00 IN926 3 808.831 PRI 34085 05/01/2026 12/12/2025 159.20 05/09/2022 Reference Books Stories

Design & Developed by: PIET Central Library
R70 Miles Stone Pattikalyana Samalkha Panipat 132102
mail ID :- [email protected], Phone No:- 0180-2569700 Ex.216